Donají : tragedia zapoteca : edición conmemorativa de la visita de S.S. Juan Pablo II a la ciudad de Oaxaca /
Enregistré dans:
| Auteur principal: | |
|---|---|
| Format: | Livre |
| Langue: | espagnol |
| Publié: |
México :
Jus,
1979, c1979
|
| Tags: |
Pas de tags, Soyez le premier à ajouter un tag!
|
MARC
| LEADER | 00000nam^a2200000^a^4500 | ||
|---|---|---|---|
| 001 | 000621194 | ||
| 005 | 20250924000000.0 | ||
| 009 | 20260310133854.192 | ||
| 037 | |a Acervo ITESO - Biblioteca | ||
| 041 | |a ESP | ||
| 091 | |a FOB. 01828 | ||
| 100 | |a González, Carlos Ignacio |e (autor) | ||
| 245 | 1 | 0 | |a Donají : |b tragedia zapoteca : edición conmemorativa de la visita de S.S. Juan Pablo II a la ciudad de Oaxaca / |
| 264 | 4 | |a México : |b Jus, |c 1979, c1979 | |
| 300 | |a 85 p., [1] lámina | ||
| 336 | |a texto |b txt |2 rdacontenido | ||
| 337 | |a sin mediación |b n |2 rdamedio | ||
| 338 | |a volumen |b nc |2 rdasoporte | ||
| 649 | |a XX | ||
| 910 | |a Fondo Carlos de Obeso Orendain | ||
| 920 | |a Impresos - Libros | ||
| 930 | |a Fondos Especiales | ||
| 940 | |a Literatura | ||
| 905 | |a 147 | ||
| 901 | |a 621194-10 |b IT2 |c ESP |i D |u 20250924 | ||
| 902 | |a https://opac.biblio.iteso.mx/vufind/Record/000621194 | ||